000 00437nam a2200145Ia 4500
008 100204s9999 xx 000 0 und d
082 _b3910
100 _aदेशमुख चिंतामणी व्दा.
245 _aमेघदूत
260 _b"सरिता प्रकाशन, पुणे"
_c1974 2
300 _a95
630 _aमेघदूत
730 _aमेघदूत
942 _cBOOK
999 _c448779
_d448776